000 01795nam0a2200373 4500
001 RU\NLR\bibl\1460266
005 20260405071157.0
010 _a978-5-98755-055-7
_9300
021 _aRU
_b2009-93240
_95900
035 _a(NLR Aleph) 001452040
090 _a1529334
_c1529334
100 _a20100113d2008 |||y0rusy50 ca
101 0 _arus
102 _aRU
105 _aa |||||||||
200 1 _aЭнергосберегающие технологии добычи нефти из малодебитных наклонно-направленных скважин
_fА.А. Ишмурзин, И.Т. Мищенко
_g[Уфим. гос. нефт. техн. ун-т]
210 _aУфа
_cНефтегазовое дело
_d2008
215 _a238 с.
_d21
_cил.
225 1 _aОбразовательный проект
225 1 _aОбразовательный проект Уфимского государственного нефтяного технического университетп
225 1 _aБиблиотека нефтегазового дела
313 _aдобыча штанговыми насосами
320 _aБиблиогр.: с. 225-234
606 1 _aНефть
_xДобыча глубокими насосами
_xЭнергосберегающие технологии
_92593782
_3RU\NLR\auth\661532662
686 _aИ361.3-420.7
700 1 _4070
_aИшмурзин
_bА. А.
_f1936-
_gАбубакир Ахмадуллович
_9155120
_3RU\NLR\AUTH\770155159
701 1 _4070
_7ca
_8rus
_aМищенко
_bИ. Т.
_f1937-2020
_gИгорь Тихонович
_97331
_3RU\NLR\AUTH\7724280
801 0 _aRU
_bNLR
_c20100113
_gRCR
801 1 _aRU
_bNLR
_c20100113
942 _cBOOK
980 _aNB
980 _aNBR